000 00764nam a2200241 i 4500
001 88761
003 ES-MaACL
005 20250814011832.0
007 t|
008 041215s1976 sp ||||1| spa d
020 _a84-206-2156-0
080 _a574/578(04)
245 0 0 _aHacia una biología teórica /
_cC. H. Waddington ; versión española de Mariano Franco Rivas.
260 _aMadrid :
_bAlianza Editorial,
_c[1976]
300 _a613 p. :
_bil. ;
_c21 cm.
490 1 _aAlianza universidad ;
_v156
650 1 7 _aBiología
_2embne
_910580
700 1 _aWaddington, Conrad Hal.
_9115805
700 1 _aFranco Rivas, Mariano.
_952261
830 0 _aAlianza universidad ;
_v156
_9177276
852 _aES-MaACL
_jE-10603
_bR.134827
999 _c88761
_d88761